000 00418nam a2200157 i 4500
001 bg
100 1 _aSWECNIKOW, G. M.
245 0 _aImpulsnye schemy na poluprowadnikach i ferritach /
_cG.M. Swecnikow, R.M. Sergeew, J.K. Tregub.
260 _aMoskwa,
_c1972.
700 1 _aSERGEEW, R. M.
700 1 _aTREGUB, J. K.
040 _cBPK
041 _apol
942 _cKS
008 s pl f |000 0 pol
999 _c15452
_d15452
856 _uhttp://koha.tu.koszalin.pl/cgi-bin/koha/opac-detail.pl?biblionumber=15452
_yKatalog online BPK